000 00535nam a2200181 i 4500
001 87709
003 ES-MaACL
005 20251011063116.0
007 t|
008 041223s1947 uy ||||1| spa d
100 1 _aLaburu, José Antonio de,
_d1887-1972
_969307
245 1 0 _a¿Incredulidad o fe?, ¿Qué nos dice la razón? /
_cJosé Antonio de Laburu.
260 _aMontevideo :
_bMosca,
_c1947.
300 _a139 p. ;
_c20 cm.
650 0 4 _aFe.
_912734
852 _aES-MaACL
_jD-6357
_bR.31528
999 _c87709
_d87709